| 000 | 00364nam a22001457a 4500 | ||
|---|---|---|---|
| 003 | SGT | ||
| 020 | _a9780323417501 | ||
| 082 |
_a615.321 _bC16H |
||
| 100 | _aHarry Dym | ||
| 245 | _aClinical Pharmacology for the Dentist | ||
| 260 |
_aPhiladelphia, United States _bHealth Sciences Division _c2016 |
||
| 300 | _a287-549 | ||
| 650 | _aPharmacology | ||
| 942 |
_2ddc _cBK |
||
| 999 |
_c18128 _d18128 |
||